| 000 | 00355nam a22001457a 4500 | ||
|---|---|---|---|
| 020 | _a81-8801-459-1 | ||
| 082 |
_a894.812 _bHAW/E |
||
| 100 | _aHAKING, STEEPHAN | ||
| 245 |
_aA BRIEF HISTORY OF TIME _bFROM THE BIG BANG TO BLACK HOLES |
||
| 260 |
_aKOZHIKODE _bLIPI PUBLICATIONS _c2010 |
||
| 300 | _a208 | ||
| 520 | _aNOVEL | ||
| 650 | _aNOVEL | ||
| 942 | _cBK | ||
| 999 |
_c4923 _d4923 |
||